Statistics for Famous NASCAR Drivers by Sponsor #3

Click here to take the quiz!

General Stats

  • This quiz has been taken 212 times
    (156 since last reset)
  • The average score is 10 of 14

Answer Stats

Sponsor(s)Career WinsDriver% Correct
Lowe's, Ally83Jimmie Johnson
96%
Kellogg's, Monster Energy, M&Ms59Kyle Busch
94%
DeWalt, Valvoline, Dollar General39Matt Kenseth
84%
Gatorade, Mtn. Dew, Tide, Western Auto84Darrell Waltrip
80%
Office Depot, Aflac, Subway, Arris28Carl Edwards
79%
Exide Batteries, Citgo, AT&T, Caterpillar21Jeff Burton
77%
Ford, Purolater105David Pearson
76%
Dodge, Farmers Insurance, Great Clips18Kasey Kahne
72%
Miller Lite (High Life), Coca-Cola84Bobby Allison
70%
Ford Motorcraft, Menards, BodyArmor7Ryan Blaney
68%
Maxwell House, Coors Light10Sterling Marlin
63%
M&Ms, Stanley Tools, OneMain Financial3Elliott Sadler
61%
Skoal Bandit18Harry Gant
53%
Kodak, Havoline/Texaco15Ernie Irvan
50%

Score Distribution

Percentile by Number Answered

Percent of People with Each Score

Your Score History

You have not taken this quiz since the last reset